000
00392nam a2200145Ia 4500
008
090122s9999 xx 000 0 und d
082
_b
9148
_a
891.463
100
_a
शिरोडकर
_b
रजनी
245
_a
साफल्य
600
_a
शिरोडकर
630
_a
साफल्य
700
_a
शिरोडकर
730
_a
साफल्य
942
_c
BOOK
999
_c
33225
_d
33225